000 00882nam a2200229Ia 4500
999 _c55993
_d55993
001 23092
003 GE_BSU
005 20230711123907.0
008 181216s1948||||ge |||||||||||||| ||geo||
040 _cGE_BSU
041 _ageo
080 _a821.111-193.3 შ-56
100 _aშექსპირი, უ.
_919238
245 _aპიესები /
_cუ. შექსპირი ; თარგმ. ვ. ჭელიძისა ; რედ. : ნ. კეშელავა, ალ. ჭეიშვილი.
264 _aთბილისი :
_bსახელგამი,
_c1948.
300 _a377 გვ. ;
_c20 სმ.
541 _h3 ლ. 80თ.
653 _aპიესები
700 _aჭელიძე, ვ.
_eმთარგმნელი
_96048
700 _aკეშელავა, ნ.
_eრედაქტორი
_919239
942 _cBK
_2udc